Ekonomické faktory separatizmu – príklad Katalánska bakalárska práca

Saved in:
Bibliographic Details
Main Author: Volochová, Darina
Corporate Author: Fakulta medzinárodných vzťahov EU. Katedra medzinárodných ekonomických vzťahov a hospodárskej diplomacie
Other Authors: Lipková, Ľudmila
Format: Book
Language:Slovak
Published: Bratislava 2016
Tags: Add Tag
No Tags, Be the first to tag this record!

MARC

LEADER 00000nbm a2200000 4500
001 0218114
005 20170209122237.8
041 0 |a slo 
044 |a SK 
245 1 0 |a Ekonomické faktory separatizmu – príklad Katalánska  |b bakalárska práca  |c Darina Volochová ; školiteľ: Ľudmila Lipková 
264 1 |a Bratislava  |c 2016 
300 |a 49 s. 
100 1 |a Volochová, Darina 
700 1 |a Lipková, Ľudmila 
710 2 |a Fakulta medzinárodných vzťahov EU. Katedra medzinárodných ekonomických vzťahov a hospodárskej diplomacie